[Event "Mecklenburg VP Landesliga West 1920"]
[Site "Mecklenburg VP"]
[Date "2020.03.01"]
[Round "7.7"]
[White "Mauser, Tassilo Tino"]
[Black "Birkholz, Karl Lukas"]
[Result "1-0"]
[WhiteElo "1874"]
[BlackElo "1616"]
[PlyCount "79"]
[EventDate "2019.09.29"]
[EventType "team-tourn"]
[EventRounds "9"]
[EventCountry "GER"]
[SourceTitle "EXT 2023"]
[Source "ChessBase"]
[SourceDate "2022.10.05"]
[SourceVersion "1"]
[SourceVersionDate "2022.10.05"]
[SourceQuality "1"]
[WhiteTeam "Think Rochade"]
[BlackTeam "Rostock SSC 07 II"]
[WhiteTeamCountry "GER"]
[BlackTeamCountry "GER"]

1. e4 d6 2. Qe2 Nc6 3. Nf3 Nf6 4. e5 Nd5 5. d4 e6 6. c4 Nde7 7. Nc3 dxe5 8. dxe5 Ng6 9. h4 b6 10. h5 Nge7 11. Bg5 h6 12. Bh4 Bb7 13. Rd1 Qc8 14. g4 g5 15. hxg6 Nxg6 16. Bf6 Rh7 17. Ng5 hxg5 18. Rxh7 Be7 19. Rg7 Kf8 20. Rxg6 fxg6 21. Bxe7+ Kxe7 22. Qe3 Kf7 23. Qxg5 Qe8 24. Bd3 Ne7 25. Qf6+ Kg8 26. Qxe6+ Kg7 27. Be4 Bxe4 28. Nxe4 Rd8 29. Qf6+ Kg8 30. Rxd8 Qxd8 31. Ng5 Qe8 32. Ne6 Qf7 33. Qxf7+ Kxf7 34. Nxc7 Nc6 35. f4 Nb4 36. Kd2 Nxa2 37. Nd5 Ke6 38. b3 g5 39. f5+ Kxe5 40. Kc2 1-0

[Event "Mecklenburg VP Landesliga West 1920"]
[Site "Mecklenburg VP"]
[Date "2019.12.08"]
[Round "4.8"]
[White "Altenburg, Reiner"]
[Black "Mauser, Tassilo Tino"]
[Result "1/2-1/2"]
[WhiteElo "1953"]
[BlackElo "1874"]
[PlyCount "73"]
[EventDate "2019.09.29"]
[EventType "team-tourn"]
[EventRounds "9"]
[EventCountry "GER"]
[SourceTitle "EXT 2023"]
[Source "ChessBase"]
[SourceDate "2022.10.05"]
[SourceVersion "1"]
[SourceVersionDate "2022.10.05"]
[SourceQuality "1"]
[WhiteTeam "Ludwigslust"]
[BlackTeam "Think Rochade"]
[WhiteTeamCountry "GER"]
[BlackTeamCountry "GER"]

1. d4 c5 2. e3 Nf6 3. Nf3 g6 4. c4 Bg7 5. Nc3 cxd4 6. exd4 d6 7. Bd3 Nbd7 8. 0-0 0-0 9. Re1 Re8 10. Bg5 Nf8 11. h3 Ne6 12. Be3 b6 13. Rc1 Bb7 14. d5 Nc5 15. Bb1 e5 16. dxe6 Nxe6 17. Ng5 d5 18. Nxe6 Rxe6 19. cxd5 Nxd5 20. Nxd5 Bxd5 21. Re2 Bb7 22. Rd2 Qe8 23. Qb3 Rc8 24. Rcd1 Qc6 25. f3 Rce8 26. Be4 Qc8 27. Rd7 Bxe4 28. fxe4 R6e7 29. Rxe7 Rxe7 30. Bg5 Qc5+ 31. Be3 Qc8 32. Qd5 Qe6 33. Qa8+ Re8 34. Rd8 Rxd8 35. Qxd8+ Bf8 36. Bh6 Qe7 37. Qxe7 1/2-1/2

[Event "Mecklenburg VP-ch MT"]
[Site "Neubrandenburg"]
[Date "2018.04.30"]
[Round "6.7"]
[White "Mauser, Tassilo Tino"]
[Black "Lange, Jannis"]
[Result "1-0"]
[WhiteElo "1860"]
[BlackElo "1919"]
[PlyCount "73"]
[EventDate "2018.04.28"]
[EventType "swiss"]
[EventRounds "7"]
[EventCountry "GER"]
[SourceTitle "EXT 2023"]
[Source "ChessBase"]
[SourceDate "2022.10.05"]
[SourceVersion "1"]
[SourceVersionDate "2022.10.05"]
[SourceQuality "1"]

1. d4 Nf6 2. Nf3 g6 3. c4 Bg7 4. Nc3 d5 5. cxd5 Nxd5 6. e4 Nxc3 7. bxc3 c5 8. Be2 0-0 9. 0-0 Nc6 10. Be3 Qa5 11. Qb3 Qc7 12. Rac1 Na5 13. Qc2 Be6 14. d5 Bg4 15. c4 b6 16. Rfd1 Nb7 17. h3 Bxf3 18. Bxf3 Qe5 19. g3 Qb2 20. Bf4 Rad8 21. Qa4 Na5 22. Rb1 Qc3 23. Be2 f5 24. e5 Rfe8 25. Rd2 g5 26. Rc2 Qd4 27. Rd1 Qxd1+ 28. Bxd1 gxf4 29. gxf4 Bh6 30. Bh5 Rf8 31. Qa3 Bxf4 32. e6 Be5 33. Qe3 Bd4 34. Qg5+ Kh8 35. Kf1 Rf6 36. Bf7 Nb7 37. f4 1-0

[Event "Mecklenburg VP-ch MT"]
[Site "Neubrandenburg"]
[Date "2018.04.28"]
[Round "2.5"]
[White "Fromm, Marius"]
[Black "Mauser, Tassilo Tino"]
[Result "1-0"]
[WhiteElo "2014"]
[BlackElo "1860"]
[PlyCount "49"]
[EventDate "2018.04.28"]
[EventType "swiss"]
[EventRounds "7"]
[EventCountry "GER"]
[SourceTitle "EXT 2023"]
[Source "ChessBase"]
[SourceDate "2022.10.05"]
[SourceVersion "1"]
[SourceVersionDate "2022.10.05"]
[SourceQuality "1"]

1. Nf3 d5 2. c4 d4 3. b4 c5 4. g3 Nf6 5. Bg2 e6 6. bxc5 Bxc5 7. d3 Nbd7 8. 0-0 0-0 9. Nbd2 e5 10. Nb3 Re8 11. Nxc5 Nxc5 12. Ba3 Qa5 13. Qc1 Rb8 14. Rb1 a6 15. Bb4 Qc7 16. Qa3 Nfd7 17. e3 dxe3 18. fxe3 b6 19. Ng5 Rf8 20. d4 a5 21. Bxc5 bxc5 22. Rxb8 Nxb8 23. Bd5 Bb7 24. Bxf7+ Kh8 25. Ne6 1-0

[Event "Mecklenburg VP-ch MT"]
[Site "Neubrandenburg"]
[Date "2018.04.28"]
[Round "3.8"]
[White "Mauser, Tassilo Tino"]
[Black "Ehlers, Michael2"]
[Result "1/2-1/2"]
[WhiteElo "1860"]
[BlackElo "1950"]
[PlyCount "92"]
[EventDate "2018.04.28"]
[EventType "swiss"]
[EventRounds "7"]
[EventCountry "GER"]
[SourceTitle "EXT 2023"]
[Source "ChessBase"]
[SourceDate "2022.10.05"]
[SourceVersion "1"]
[SourceVersionDate "2022.10.05"]
[SourceQuality "1"]

1. Nf3 Nf6 2. c4 c5 3. Nc3 g6 4. g3 Bg7 5. Bg2 0-0 6. 0-0 Nc6 7. d4 cxd4 8. Nxd4 Qb6 9. Nxc6 dxc6 10. Qc2 Bf5 11. e4 Be6 12. b3 Rfd8 13. Be3 Qa5 14. Rac1 Rd7 15. Rfd1 Rad8 16. Rxd7 Rxd7 17. f3 Ne8 18. Ne2 Qd8 19. Nf4 Nc7 20. Kf2 Bd4 21. Bxd4 Rxd4 22. Ke2 g5 23. Nxe6 Nxe6 24. Bh3 Nc7 25. Rd1 c5 26. Rxd4 Qxd4 27. Qd2 Qxd2+ 28. Kxd2 Kg7 29. f4 h6 30. Ke3 f6 31. Bc8 b6 32. a3 Kf7 33. Kf3 h5 34. h4 gxh4 35. gxh4 Ne8 36. Bd7 Nc7 37. Ke3 e5 38. f5 Ke7 39. Bc6 Na6 40. Bd5 Kf8 41. Kd3 Nc7 42. Bb7 Ne8 43. Kc3 Nd6 44. Bd5 Ke7 45. Kd3 Kf8 46. Be6 Ne8 1/2-1/2

[Event "Rostock SSC 07 op 15th"]
[Site "Rostock"]
[Date "2016.07.28"]
[Round "3"]
[White "Roehr, Oliver"]
[Black "Mauser, Tassilo Tino"]
[Result "0-1"]
[WhiteElo "1712"]
[BlackElo "1847"]
[PlyCount "72"]
[EventDate "2016.07.27"]
[EventType "swiss"]
[EventRounds "7"]
[EventCountry "GER"]
[SourceTitle "EXT 2017"]
[Source "ChessBase"]
[SourceDate "2016.10.25"]
[SourceVersion "1"]
[SourceVersionDate "2016.10.25"]
[SourceQuality "1"]

1. e4 e6 2. d4 b6 3. c4 Bb7 4. Nc3 Bb4 5. Bd3 Nc6 6. Nf3 d5 7. cxd5 exd5 8. e5 Qd7 9. 0-0 0-0-0 10. Bd2 Kb8 11. a3 Be7 12. Qa4 Na5 13. Qxd7 Rxd7 14. Bf5 Rd8 15. Rad1 h5 16. Ng5 Nh6 17. Bh3 Nc4 18. Bc1 c5 19. e6 f6 20. Nf7 Nxf7 21. exf7 cxd4 22. Rxd4 Bc5 23. Rf4 Ne5 24. Be6 Rd6 25. Bf5 Rdd8 26. Rd1 g5 27. Rfd4 Bxd4 28. Rxd4 Nxf7 29. Be6 Rhe8 30. Re4 dxe4 31. Bxf7 Re7 32. Bxh5 Rc7 33. f4 exf3 34. gxf3 Rxc3 35. Bf4+ gxf4 36. bxc3 Rd3 0-1

[Event "Rostock SSC 07 op 15th"]
[Site "Rostock"]
[Date "2016.07.27"]
[Round "2"]
[White "Mauser, Tassilo Tino"]
[Black "Niermann, Tristan"]
[Result "0-1"]
[WhiteElo "1847"]
[BlackElo "2127"]
[PlyCount "82"]
[EventDate "2016.07.27"]
[EventType "swiss"]
[EventRounds "7"]
[EventCountry "GER"]
[SourceTitle "EXT 2017"]
[Source "ChessBase"]
[SourceDate "2016.10.25"]
[SourceVersion "1"]
[SourceVersionDate "2016.10.25"]
[SourceQuality "1"]

1. e4 e5 2. Nf3 Nc6 3. Bc4 Nf6 4. d3 Bc5 5. c3 a6 6. Bb3 Ba7 7. Nbd2 0-0 8. h3 d5 9. Qe2 dxe4 10. dxe4 Qe7 11. Nf1 Be6 12. Ng3 Bxb3 13. axb3 Qe6 14. b4 Ne7 15. 0-0 h6 16. Be3 Bxe3 17. Qxe3 Rfd8 18. Rad1 Ne8 19. Rxd8 Rxd8 20. Qa7 Nd6 21. Qc5 Nc6 22. Re1 f6 23. Nd2 Kh7 24. b3 Nb5 25. Qe3 Qd7 26. Nc4 Qd3 27. Ne2 Qc2 28. Rc1 Qxb3 29. Nd2 Qe6 30. Nf3 Qc4 31. Nd2 Qd3 32. Nf1 Qxe3 33. Nxe3 Ne7 34. Kf1 Kg6 35. Ke1 Kf7 36. Nd5 Nxd5 37. exd5 Na7 38. Rd1 c6 39. c4 b5 40. d6 bxc4 41. Nc3 Nb5 0-1

[Event "Mecklenburg VP Cup"]
[Site "Greifswald"]
[Date "2016.06.11"]
[Round "3.7"]
[White "Fromm, Johannes"]
[Black "Mauser, Tassilo Tino"]
[Result "0-1"]
[WhiteElo "1599"]
[BlackElo "1851"]
[PlyCount "56"]
[EventDate "2016.06.10"]
[EventType "swiss"]
[EventRounds "5"]
[EventCountry "GER"]
[SourceTitle "EXT 2024"]
[Source "ChessBase"]
[SourceDate "2023.10.10"]
[SourceVersion "1"]
[SourceVersionDate "2023.10.10"]
[SourceQuality "1"]

1. f4 e6 2. e4 b6 3. Nf3 Bb7 4. Nc3 Bb4 5. d3 d5 6. Bd2 Nf6 7. e5 Nfd7 8. d4 c5 9. Ne2 Bxd2+ 10. Qxd2 Nc6 11. c3 cxd4 12. cxd4 Ba6 13. Rc1 Rc8 14. g4 h5 15. gxh5 Ne7 16. Bg2 Nf5 17. Ng3 Rxc1+ 18. Qxc1 Nh4 19. Kf2 Nxf3 20. Bxf3 0-0 21. Ke3 Nb8 22. Rg1 Qh4 23. Rg2 Rc8 24. Qg1 Kh8 25. h6 g6 26. Nh5 Nc6 27. Rg4 Qxh5 28. Qg3 Qf5 0-1

[Event "Mecklenburg VP Cup"]
[Site "Greifswald"]
[Date "2016.06.11"]
[Round "2.7"]
[White "Mauser, Tassilo Tino"]
[Black "Celmer, Ole"]
[Result "1/2-1/2"]
[WhiteElo "1851"]
[BlackElo "1938"]
[PlyCount "72"]
[EventDate "2016.06.10"]
[EventType "swiss"]
[EventRounds "5"]
[EventCountry "GER"]
[SourceTitle "EXT 2024"]
[Source "ChessBase"]
[SourceDate "2023.10.10"]
[SourceVersion "1"]
[SourceVersionDate "2023.10.10"]
[SourceQuality "1"]

1. e4 e5 2. Nf3 Nc6 3. Bc4 Bc5 4. c3 Nf6 5. d3 a6 6. Bb3 Ba7 7. Nbd2 d6 8. h3 Be6 9. Nf1 h6 10. Be3 Qd7 11. Bxa7 Rxa7 12. Ne3 0-0 13. Nd5 Bxd5 14. exd5 Na5 15. 0-0 b5 16. Nd2 Qf5 17. Ne4 Nh5 18. Bc2 Nf4 19. Qf3 Qg6 20. Ng3 Nb7 21. Rad1 Nc5 22. Bb1 Nd7 23. Rfe1 f5 24. d4 Qg5 25. Ne2 Nh5 26. dxe5 Nxe5 27. Qe3 Qxe3 28. fxe3 Nc4 29. b3 Nxe3 30. Rd3 f4 31. Nxf4 Nxf4 32. Rdxe3 Nxd5 33. Rg3 Kh8 34. Re6 c5 35. Rxd6 Nf4 36. Kh2 a5 1/2-1/2

[Event "Mecklenburg VP-ch MT"]
[Site "Greifswald"]
[Date "2016.05.01"]
[Round "7.10"]
[White "Betke, Arno"]
[Black "Mauser, Tassilo Tino"]
[Result "1/2-1/2"]
[WhiteElo "1620"]
[BlackElo "1888"]
[PlyCount "37"]
[EventDate "2016.04.28"]
[EventType "swiss"]
[EventRounds "7"]
[EventCountry "GER"]
[SourceTitle "EXT 2023"]
[Source "ChessBase"]
[SourceDate "2022.10.05"]
[SourceVersion "1"]
[SourceVersionDate "2022.10.05"]
[SourceQuality "1"]

1. b3 Nf6 2. Bb2 g6 3. e3 Bg7 4. d4 d6 5. Nf3 0-0 6. Be2 c6 7. c4 Nbd7 8. Nbd2 Qc7 9. 0-0 e5 10. dxe5 dxe5 11. Qc2 Re8 12. e4 a5 13. a3 Nh5 14. g3 Nf8 15. Rfd1 Bg4 16. Bf1 Qc8 17. Bg2 Bh3 18. Nf1 Bxg2 19. Kxg2 1/2-1/2

[Event "Mecklenburg VP LL2 Ost 1516"]
[Site "Mecklenburg VP"]
[Date "2015.12.13"]
[Round "4.7"]
[White "Mauser, Tassilo Tino"]
[Black "Raitza, Egon"]
[Result "0-1"]
[WhiteElo "1807"]
[BlackElo "1688"]
[PlyCount "64"]
[EventDate "2015.09.20"]
[EventType "team-tourn"]
[EventRounds "9"]
[EventCountry "GER"]
[SourceTitle "EXT 2022"]
[Source "ChessBase"]
[SourceDate "2021.10.06"]
[SourceVersion "1"]
[SourceVersionDate "2021.10.06"]
[SourceQuality "1"]
[WhiteTeam "Gryps SV"]
[BlackTeam "Rostock SSC 07 III"]
[WhiteTeamCountry "GER"]
[BlackTeamCountry "GER"]

1. e4 e6 2. Nf3 d5 3. exd5 exd5 4. d3 Bd6 5. Ng5 Nf6 6. Nf3 0-0 7. b3 Re8+ 8. Be2 Qe7 9. Bb2 Nbd7 10. Nc3 Bb4 11. 0-0 Bxc3 12. Bxc3 Qxe2 13. Qc1 Qe6 14. Nd4 Qb6 15. Nf5 Nf8 16. Bxf6 Qxf6 17. Ng3 Bd7 18. Nh5 Qc3 19. Nf4 c6 20. Qd1 Ng6 21. Ne2 Qf6 22. c4 Bg4 23. Re1 Rxe2 24. Rxe2 Bxe2 25. Qxe2 Qxa1+ 26. Qf1 Qxf1+ 27. Kxf1 dxc4 28. dxc4 Re8 29. g3 Ne5 30. f4 Nd3 31. Kg2 Re2+ 32. Kh3 f5 0-1

[Event "Mecklenburg VP-ch op"]
[Site "Greifswald"]
[Date "2015.04.30"]
[Round "1.1"]
[White "Eggert, Daniela"]
[Black "Mauser, Tassilo Tino"]
[Result "0-1"]
[WhiteElo "1647"]
[BlackElo "1908"]
[PlyCount "56"]
[EventDate "2015.04.30"]
[EventType "swiss"]
[EventRounds "7"]
[EventCountry "GER"]
[SourceTitle "EXT 2023"]
[Source "ChessBase"]
[SourceDate "2022.10.05"]
[SourceVersion "1"]
[SourceVersionDate "2022.10.05"]
[SourceQuality "1"]

1. e4 g6 2. d4 Bg7 3. c4 d6 4. Nc3 Nd7 5. Nge2 c5 6. d5 a6 7. Rb1 Rb8 8. a4 Ngf6 9. g3 Ne5 10. Nf4 Qc7 11. b3 Nfd7 12. Bd2 g5 13. Nd3 g4 14. Nxe5 Nxe5 15. Be2 h5 16. f4 gxf3 17. Bxf3 Bg4 18. Bxg4 hxg4 19. Qe2 Nf3+ 20. Kd1 Rh3 21. Rc1 Kd7 22. Be3 Rbh8 23. Bg1 Qb6 24. Kc2 Bd4 25. Kd3 Bxg1 26. Rcxg1 Rxh2 27. Rxh2 Rxh2 28. Rg2 Rxg2 0-1

[Event "Mecklenburg VP-ch U25"]
[Site "Malchow"]
[Date "2015.02.??"]
[Round "3.3"]
[White "Mauser, Tassilo Tino"]
[Black "Giering, Nils"]
[Result "1-0"]
[WhiteElo "1885"]
[BlackElo "1789"]
[PlyCount "49"]
[EventDate "2015.02.04"]
[EventType "swiss"]
[EventRounds "7"]
[EventCountry "GER"]
[SourceTitle "EXT 2022"]
[Source "ChessBase"]
[SourceDate "2021.10.06"]
[SourceVersion "1"]
[SourceVersionDate "2021.10.06"]
[SourceQuality "1"]

1. e4 e5 2. Nf3 Nc6 3. Bc4 Nf6 4. d3 Be7 5. c3 0-0 6. Nbd2 d6 7. Nf1 Na5 8. Bb5 a6 9. Ba4 b5 10. Bc2 c5 11. Ng3 Nc6 12. 0-0 Be6 13. Ng5 d5 14. Nxe6 fxe6 15. f4 Qb6 16. Kh1 Rad8 17. Qe2 Nd7 18. f5 exf5 19. Nxf5 d4 20. Bh6 Rxf5 21. Rxf5 gxh6 22. Qg4+ Kh8 23. Rf7 Bg5 24. Rxd7 Rf8 25. Qe6 1-0

[Event "Mecklenburg VP-ch U25"]
[Site "Malchow"]
[Date "2015.02.??"]
[Round "7.3"]
[White "Mauser, Tassilo Tino"]
[Black "Luebbert, Charline"]
[Result "1-0"]
[WhiteElo "1885"]
[BlackElo "1146"]
[PlyCount "61"]
[EventDate "2015.02.04"]
[EventType "swiss"]
[EventRounds "7"]
[EventCountry "GER"]
[SourceTitle "EXT 2022"]
[Source "ChessBase"]
[SourceDate "2021.10.06"]
[SourceVersion "1"]
[SourceVersionDate "2021.10.06"]
[SourceQuality "1"]

1. g4 e5 2. Bg2 Bc5 3. e3 Nc6 4. Nc3 Nge7 5. Nge2 d5 6. d4 Bb4 7. a3 Ba5 8. Ng3 Bxc3+ 9. bxc3 e4 10. c4 Be6 11. cxd5 Nxd5 12. Nxe4 b6 13. c4 Nxe3 14. Bxe3 Bxc4 15. Nc3 0-0 16. Bxc6 Rb8 17. Qf3 Qe7 18. Nd5 Bxd5 19. Bxd5 b5 20. 0-0 Rb6 21. Rfb1 Ra8 22. g5 a5 23. Kh1 Qd7 24. Rg1 Rf8 25. Rg3 b4 26. axb4 axb4 27. Bb3 g6 28. d5 Rbb8 29. Bd4 Ra8 30. Rag1 Qb5 31. Qf6 1-0

[Event "Rostock SSC op 13th"]
[Site "Rostock"]
[Date "2014.07.26"]
[Round "6"]
[White "Ruesch, Hans Joachim"]
[Black "Mauser, Tassilo Tino"]
[Result "1-0"]
[WhiteElo "2058"]
[BlackElo "1837"]
[PlyCount "55"]
[EventDate "2014.07.23"]
[EventType "swiss"]
[EventRounds "7"]
[EventCountry "GER"]
[SourceTitle "EXT 2018"]
[Source "ChessBase"]
[SourceDate "2017.10.13"]
[SourceVersion "1"]
[SourceVersionDate "2017.10.13"]
[SourceQuality "1"]

1. d4 Nf6 2. c4 c5 3. d5 b5 4. a4 b4 5. Nd2 g6 6. e4 d6 7. b3 Bg7 8. Bb2 0-0 9. Qc2 Nbd7 10. Be2 Qc7 11. g4 Ne5 12. h3 g5 13. Bxe5 dxe5 14. Nf1 Rd8 15. Ne3 Ne8 16. h4 gxh4 17. Nf3 a5 18. 0-0-0 Ra6 19. Nxh4 Rdd6 20. Rdg1 Kf8 21. Nhf5 Bxf5 22. Nxf5 Rg6 23. Rxh7 Nd6 24. g5 Kg8 25. Rxg7+ Rxg7 26. Nxg7 Kxg7 27. f4 exf4 28. Qb2+ 1-0

[Event "Mecklenburg VP LL2 Ost 1314"]
[Site "Mecklenburg VP"]
[Date "2013.11.24"]
[Round "3.3"]
[White "Witkowski, Rainer"]
[Black "Mauser, Tassilo Tino"]
[Result "1-0"]
[WhiteElo "1833"]
[BlackElo "1804"]
[PlyCount "57"]
[EventDate "2013.10.27"]
[EventType "team-tourn"]
[EventRounds "9"]
[EventCountry "GER"]
[SourceTitle "EXT 2022"]
[Source "ChessBase"]
[SourceDate "2021.10.06"]
[SourceVersion "1"]
[SourceVersionDate "2021.10.06"]
[SourceQuality "1"]
[WhiteTeam "Neubrandenburg SG Eintracht II"]
[BlackTeam "Gryps SV"]
[WhiteTeamCountry "GER"]
[BlackTeamCountry "GER"]

1. e4 c5 2. c3 d5 3. exd5 Qxd5 4. d4 Nf6 5. Nf3 Bg4 6. Be2 Nc6 7. c4 Qf5 8. d5 Nb4 9. 0-0 0-0-0 10. a3 Bxf3 11. axb4 Bxe2 12. Qxe2 e6 13. dxe6 fxe6 14. Rxa7 Kb8 15. Ra1 cxb4 16. Be3 Bc5 17. Ra5 b6 18. Bxc5 bxc5 19. Nd2 Rd7 20. Rfa1 Rhd8 21. Nb3 Qe4 22. Qf1 Qc2 23. Ra8+ Kc7 24. Rxd8 Rxd8 25. Nxc5 Rd6 26. Na6+ Kc8 27. c5 Rd2 28. Nxb4 Qxc5 29. Rc1 1-0